00326nam a2200145Ia 4500003000500000008004100005020001800046040001900064082000700083100002000090245001800110260003200128300000800160546001200168STCL181203s9999 xx 000 0 und d a9780099482017 aSTCLbENcSTCL 222 aMorris, Desmond 4aThe Naked Ape bVintage BooksaLondonc2005 a171 aEnglish